Movie by Difficulty XIII Quiz Stats

 Plays Quiz Updated Mar 8, 2018

Score 0/30 Timer 08:00
1 Play Today
% Correct
Deadpool
93.1%
Taken
92.7%
The Sound of Music
87.3%
Bruce Almighty
82.8%
Inception
80%
Stand by Me
78.3%
A Beautiful Mind
77.2%
Shaun of the Dead
76.8%
Lost in Translation
72.9%
Raging Bull
71.3%
Finding Neverland
42.7%
The Butterfly Effect
42%
Never Been Kissed
40%
Steel Magnolias
38.2%
Wild Things
33.8%
% Correct
The Kids Are All Right
33.6%
Brooklyn
32.7%
Mallrats
30.6%
Deepwater Horizon
28.4%
Glengarry Glen Ross
22.3%
Hunt for the Wilderpeople
13.3%
Sunshine Cleaning
12.4%
Brick
9.9%
Igby Goes Down
8.5%
The Handmaiden
6.9%
The Invitation
6.5%
Existenz
6.4%
Smoke
6.2%
Enough Said
6.1%
A Prophet
3.6%

You're not logged in!

Compare scores with friends on all Sporcle quizzes.
OR
Log In

Sporcle TV

Today on Sporcle TV


Watch our educational content, quiz creation guides, and fun videos on Sporcle TV.

Show Comments

Extras

Top Quizzes Today


Score Distribution

Your Account Isn't Verified!

In order to create a playlist on Sporcle, you need to verify the email address you used during registration. Go to your Sporcle Settings to finish the process.

Report this User

Report this user for behavior that violates our Community Guidelines.

Details: